[Event "d12"]
[Site "?"]
[Date "2020.08.28"]
[Round "7.1"]
[White "Szczotka, Klara"]
[Black "Gaszka, Zuzanna"]
[Result "1-0"]
[BlackElo "1270"]
[WhiteElo "1553"]
[LiveChessVersion "1.4.8"]

1. e4 {[%clk 0:15:20]} e5 {[%clk 0:15:19]} 2. Nf3 {[%clk 0:15:27]} Nc6
{[%clk 0:15:27]} 3. Bc4 {[%clk 0:15:34]} Nf6 {[%clk 0:15:35]} 4. d3
{[%clk 0:15:43]} Be7 {[%clk 0:15:44]} 5. c3 {[%clk 0:15:47]} O-O {[%clk 0:15:51]}
6. Bb3 {[%clk 0:15:48]} d5 {[%clk 0:15:40]} 7. Qe2 {[%clk 0:15:18]} Bg4
{[%clk 0:14:35]} 8. h3 {[%clk 0:14:50]} Bxf3 {[%clk 0:14:14]} 9. Qxf3
{[%clk 0:14:56]} dxe4 {[%clk 0:13:35]} 10. dxe4 {[%clk 0:15:05]} Qd7
{[%clk 0:12:20]} 11. O-O {[%clk 0:15:03]} Rad8 {[%clk 0:11:53]} 12. Nd2
{[%clk 0:12:55]} Na5 {[%clk 0:10:59]} 13. Bc2 {[%clk 0:12:50]} c5
{[%clk 0:10:40]} 14. Qg3 {[%clk 0:12:18]} Bd6 {[%clk 0:10:27]} 15. Nf3
{[%clk 0:12:18]} Rde8 {[%clk 0:10:12]} 16. Bh6 {[%clk 0:12:10]} Nh5
{[%clk 0:09:36]} 17. Qg5 {[%clk 0:10:29]} Re6 {[%clk 0:09:30]} 18. Qg4
{[%clk 0:06:46]} f5 {[%clk 0:07:20]} 19. Qxh5 {[%clk 0:05:22]} Rxh6
{[%clk 0:07:26]} 20. Qg5 {[%clk 0:05:28]} Rg6 {[%clk 0:06:31]} 21. Qd2
{[%clk 0:05:03]} Qe7 {[%clk 0:04:16]} 22. exf5 {[%clk 0:05:01]} Rgf6
{[%clk 0:04:09]} 23. Qd5+ {[%clk 0:05:03]} Kh8 {[%clk 0:04:15]} 24. Rfe1
{[%clk 0:05:08]} Nc6 {[%clk 0:03:59]} 25. Rad1 {[%clk 0:04:57]} Rd8
{[%clk 0:03:34]} 26. Qe4 {[%clk 0:04:45]} h6 {[%clk 0:03:07]} 27. Nh4
{[%clk 0:04:46]} Qf7 {[%clk 0:02:50]} 28. Bb3 {[%clk 0:04:49]} Qe8
{[%clk 0:02:27]} 29. Ng6+ {[%clk 0:03:59]} Kh7 {[%clk 0:02:30]} 30. f4
{[%clk 0:03:53]} c4 {[%clk 0:00:53]} 31. Bxc4 {[%clk 0:03:55]} Bc5+
{[%clk 0:00:49]} 32. Kh1 {[%clk 0:04:03]} Rxd1 {[%clk 0:00:40]} 33. Rxd1
{[%clk 0:04:12]} Qc8 {[%clk 0:00:25]} 34. Be6 {[%clk 0:04:12]} Qc7
{[%clk 0:00:19]} 35. fxe5 {[%clk 0:04:12]} Rxe6 {[%clk 0:00:25]} 36. fxe6
{[%clk 0:04:19]} Kg8 {[%clk 0:00:30]} 37. Rd7 {[%clk 0:04:17]} Qb6
{[%clk 0:00:34]} 38. Qc4 {[%clk 0:04:22]} Kh7 {[%clk 0:00:34]} 39. e7
{[%clk 0:04:06]} Nxe7 {[%clk 0:00:38]} 40. Nxe7 {[%clk 0:04:14]} Bxe7
{[%clk 0:00:46]} 41. Rxe7 {[%clk 0:04:23]} Qg6 {[%clk 0:00:41]} 42. Qg4
{[%clk 0:04:05]} Qxg4 {[%clk 0:00:44]} 43. hxg4 {[%clk 0:04:14]} 1-0

[Event "d12"]
[Site "?"]
[Date "2020.08.28"]
[Round "7.2"]
[White "Sprzeczka, Emilia"]
[Black "Natoli, Alessia"]
[Result "1/2-1/2"]
[BlackElo "1399"]
[WhiteElo "1381"]
[LiveChessVersion "1.4.8"]

1. e4 {[%clk 0:15:18]} c5 {[%clk 0:15:17]} 2. Nf3 {[%clk 0:15:26]} e6
{[%clk 0:15:23]} 3. d4 {[%clk 0:15:33]} cxd4 {[%clk 0:15:27]} 4. Nxd4
{[%clk 0:15:41]} Nf6 {[%clk 0:15:26]} 5. Nc3 {[%clk 0:15:49]} Bb4
{[%clk 0:15:17]} 6. Bd3 {[%clk 0:15:50]} Nc6 {[%clk 0:15:19]} 7. Be3
{[%clk 0:15:53]} d5 {[%clk 0:14:17]} 8. exd5 {[%clk 0:16:01]} Qxd5
{[%clk 0:13:20]} 9. O-O {[%clk 0:15:08]} Bxc3 {[%clk 0:12:43]} 10. bxc3
{[%clk 0:15:14]} O-O {[%clk 0:12:23]} 11. c4 {[%clk 0:12:31]} Qd7
{[%clk 0:11:42]} 12. Nxc6 {[%clk 0:11:44]} Qxc6 {[%clk 0:11:30]} 13. Bd4
{[%clk 0:11:30]} e5 {[%clk 0:07:00]} 14. Bxe5 {[%clk 0:09:57]} Bg4
{[%clk 0:07:05]} 15. Qc1 {[%clk 0:08:18]} Qe6 {[%clk 0:03:31]} 16. Qf4
{[%clk 0:05:13]} Nh5 {[%clk 0:02:32]} 17. Qe3 {[%clk 0:03:38]} f6
{[%clk 0:02:24]} 18. Bd4 {[%clk 0:03:24]} b6 {[%clk 0:01:16]} 19. Be4
{[%clk 0:03:23]} Rad8 {[%clk 0:00:44]} 20. Bd5 {[%clk 0:03:12]} Rxd5
{[%clk 0:00:50]} 21. cxd5 {[%clk 0:03:20]} Qxd5 {[%clk 0:00:58]} 22. f3
{[%clk 0:03:02]} Bd7 {[%clk 0:00:46]} 23. g4 {[%clk 0:02:32]} Re8
{[%clk 0:00:49]} 24. Qb3 {[%clk 0:01:58]} Qxb3 {[%clk 0:00:54]} 25. cxb3
{[%clk 0:02:06]} Nf4 {[%clk 0:01:03]} 26. Kf2 {[%clk 0:01:08]} Bb5
{[%clk 0:00:56]} 27. Rfd1 {[%clk 0:00:50]} Kf7 {[%clk 0:00:54]} 28. Kg3
{[%clk 0:00:27]} Ne2+ {[%clk 0:01:02]} 29. Kf2 {[%clk 0:00:36]} Nf4
{[%clk 0:01:10]} 30. Kg3 {[%clk 0:00:24]} Ne2+ {[%clk 0:01:17]} 31. Kf2
{[%clk 0:00:33]} Nf4 {[%clk 0:01:24]} 32. Rd2 {[%clk 0:00:31]} Re7
{[%clk 0:01:16]} 33. Rad1 {[%clk 0:00:19]} Be2 {[%clk 0:01:24]} 34. Rb1
{[%clk 0:00:16]} Bd3 {[%clk 0:01:32]} 35. Rc1 {[%clk 0:00:21]} Bb5
{[%clk 0:01:40]} 36. Rc3 {[%clk 0:00:20]} Nd5 {[%clk 0:01:47]} 37. Rc1
{[%clk 0:00:18]} Nf4 {[%clk 0:01:55]} 38. Rb1 {[%clk 0:00:18]} Bd3
{[%clk 0:02:01]} 39. Ra1 {[%clk 0:00:18]} Bb5 {[%clk 0:02:08]} 40. Rb1
{[%clk 0:00:16]} Bd3 {[%clk 0:02:16]} 1/2-1/2

[Event "d12"]
[Site "?"]
[Date "2020.08.28"]
[Round "7.3"]
[White "Zielinska, Aleksandra"]
[Black "Pniewska, Beata"]
[Result "1-0"]
[BlackElo "1354"]
[WhiteElo "1196"]
[LiveChessVersion "1.4.8"]

1. e4 {[%clk 0:15:19]} c5 {[%clk 0:15:18]} 2. Nf3 {[%clk 0:15:27]} g6
{[%clk 0:15:25]} 3. d4 {[%clk 0:15:31]} cxd4 {[%clk 0:15:30]} 4. Nxd4
{[%clk 0:15:39]} Nc6 {[%clk 0:15:30]} 5. Nc3 {[%clk 0:15:45]} Bg7
{[%clk 0:15:33]} 6. Be3 {[%clk 0:15:53]} Nf6 {[%clk 0:15:33]} 7. f3
{[%clk 0:15:42]} d5 {[%clk 0:15:20]} 8. exd5 {[%clk 0:14:14]} Nxd5
{[%clk 0:15:26]} 9. Nxc6 {[%clk 0:12:42]} bxc6 {[%clk 0:15:05]} 10. Nxd5
{[%clk 0:12:02]} cxd5 {[%clk 0:14:16]} 11. Bb5+ {[%clk 0:11:46]} Kf8
{[%clk 0:10:11]} 12. O-O {[%clk 0:09:39]} Be6 {[%clk 0:09:22]} 13. Bd4
{[%clk 0:09:18]} f6 {[%clk 0:08:45]} 14. Bc6 {[%clk 0:08:26]} Rc8
{[%clk 0:08:34]} 15. Ba4 {[%clk 0:08:02]} Qd6 {[%clk 0:07:24]} 16. Bb3
{[%clk 0:07:35]} a6 {[%clk 0:07:05]} 17. Re1 {[%clk 0:07:06]} Kf7
{[%clk 0:06:51]} 18. Qe2 {[%clk 0:07:00]} Rc7 {[%clk 0:06:16]} 19. Rad1
{[%clk 0:06:15]} Rhc8 {[%clk 0:06:06]} 20. Bf2 {[%clk 0:05:32]} Qc6
{[%clk 0:05:43]} 21. Bg3 {[%clk 0:04:53]} Rd7 {[%clk 0:05:39]} 22. Ba4
{[%clk 0:03:23]} Qxa4 {[%clk 0:04:38]} 23. Qxe6+ {[%clk 0:03:31]} Kf8
{[%clk 0:04:21]} 24. Rxd5 {[%clk 0:02:41]} Rcd8 {[%clk 0:03:51]} 25. Rxd7
{[%clk 0:01:45]} Rxd7 {[%clk 0:03:39]} 26. c3 {[%clk 0:01:46]} Bh6
{[%clk 0:02:53]} 27. Qb3 {[%clk 0:00:58]} Qc6 {[%clk 0:02:35]} 28. Qb8+
{[%clk 0:00:52]} Kf7 {[%clk 0:02:34]} 29. Qb3+ {[%clk 0:00:59]} Kf8
{[%clk 0:02:40]} 30. Rd1 {[%clk 0:00:22]} Be3+ {[%clk 0:02:46]} 31. Kf1
{[%clk 0:00:11]} Qb5+ {[%clk 0:02:44]} 32. Qxb5 {[%clk 0:00:20]} Rxd1+
{[%clk 0:02:45]} 33. Ke2 {[%clk 0:00:29]} axb5 {[%clk 0:02:21]} 34. Kxd1
{[%clk 0:00:37]} Ke8 {[%clk 0:02:16]} 35. Kc2 {[%clk 0:00:46]} Kd7
{[%clk 0:02:25]} 36. Kd3 {[%clk 0:00:55]} Bb6 {[%clk 0:02:28]} 37. c4
{[%clk 0:01:04]} b4 {[%clk 0:02:27]} 38. Be1 {[%clk 0:01:03]} Bc5
{[%clk 0:02:34]} 39. Kc2 {[%clk 0:01:08]} Bd6 {[%clk 0:02:31]} 40. h3
{[%clk 0:01:16]} e5 {[%clk 0:02:08]} 41. Kb3 {[%clk 0:01:20]} f5 {[%clk 0:02:01]}
42. Bxb4 Bc7 {[%clk 0:02:05]} 43. c5 {[%clk 0:01:31]} Kc6 {[%clk 0:02:05]} 44.
Kc4 {[%clk 0:01:39]} g5 {[%clk 0:02:05]} 45. Ba3 {[%clk 0:01:33]} h5
{[%clk 0:02:05]} 46. b4 {[%clk 0:01:42]} g4 {[%clk 0:02:06]} 47. hxg4
{[%clk 0:01:49]} hxg4 {[%clk 0:02:10]} 48. fxg4 {[%clk 0:01:57]} fxg4
{[%clk 0:02:19]} 49. b5+ {[%clk 0:02:03]} Kb7 {[%clk 0:02:23]} 50. Kd5
{[%clk 0:02:01]} Bb8 {[%clk 0:02:13]} 51. Bb2 {[%clk 0:02:10]} Ba7
{[%clk 0:02:12]} 52. Bxe5 {[%clk 0:02:11]} Kc8 {[%clk 0:02:12]} 53. b6
{[%clk 0:02:12]} Bb8 {[%clk 0:02:19]} 54. Bxb8 {[%clk 0:02:20]} Kxb8
{[%clk 0:02:27]} 55. Kc6 {[%clk 0:02:29]} Kc8 {[%clk 0:02:27]} 56. b7+
{[%clk 0:02:38]} Kb8 {[%clk 0:02:35]} 57. g3 {[%clk 0:02:42]} Ka7
{[%clk 0:02:42]} 58. Kc7 {[%clk 0:02:49]} 1-0

[Event "d12"]
[Site "?"]
[Date "2020.08.28"]
[Round "7.4"]
[White "Seemann, Pola"]
[Black "Kulczycka, Zofia"]
[Result "1/2-1/2"]
[BlackElo "1149"]
[WhiteElo "1226"]
[LiveChessVersion "1.4.8"]

1. e4 {[%clk 0:15:18]} c5 {[%clk 0:15:17]} 2. Nf3 {[%clk 0:15:26]} d6
{[%clk 0:15:24]} 3. d4 {[%clk 0:15:34]} cxd4 {[%clk 0:15:32]} 4. Nxd4
{[%clk 0:15:42]} Nf6 {[%clk 0:15:39]} 5. Nc3 {[%clk 0:15:50]} g6 {[%clk 0:15:46]}
6. Be3 {[%clk 0:15:53]} Bg7 {[%clk 0:15:52]} 7. f3 {[%clk 0:15:58]} O-O
{[%clk 0:15:57]} 8. Bc4 {[%clk 0:16:06]} Nc6 {[%clk 0:15:54]} 9. Qd2
{[%clk 0:16:13]} Bd7 {[%clk 0:15:51]} 10. O-O-O {[%clk 0:16:19]} Rc8
{[%clk 0:15:53]} 11. Bb3 {[%clk 0:16:23]} Na5 {[%clk 0:14:39]} 12. Kb1
{[%clk 0:16:13]} Nxb3 {[%clk 0:14:32]} 13. Nxb3 {[%clk 0:15:50]} a5
{[%clk 0:13:38]} 14. Bh6 {[%clk 0:14:20]} b5 {[%clk 0:12:33]} 15. Bxg7
{[%clk 0:13:35]} Kxg7 {[%clk 0:12:32]} 16. g4 {[%clk 0:13:06]} a4
{[%clk 0:11:18]} 17. Nd4 {[%clk 0:12:36]} b4 {[%clk 0:10:26]} 18. Nce2
{[%clk 0:12:32]} e5 {[%clk 0:10:05]} 19. Nf5+ {[%clk 0:12:05]} gxf5
{[%clk 0:08:49]} 20. gxf5 {[%clk 0:11:41]} b3 {[%clk 0:08:00]} 21. Rhg1+
{[%clk 0:10:30]} Kh8 {[%clk 0:07:56]} 22. c3 {[%clk 0:10:06]} bxa2+
{[%clk 0:07:39]} 23. Kxa2 {[%clk 0:09:05]} Bb5 {[%clk 0:05:54]} 24. Nc1
{[%clk 0:06:42]} Bc4+ {[%clk 0:05:42]} 25. Ka1 {[%clk 0:06:28]} Rb8
{[%clk 0:03:29]} 26. Rg2 {[%clk 0:04:56]} a3 {[%clk 0:02:28]} 27. b4
{[%clk 0:04:53]} Qe7 {[%clk 0:00:57]} 28. Rdg1 {[%clk 0:04:15]} Rg8
{[%clk 0:00:59]} 29. Qh6 {[%clk 0:03:26]} Rxg2 {[%clk 0:00:47]} 30. Rxg2
{[%clk 0:03:34]} Rg8 {[%clk 0:00:53]} 31. Rxg8+ {[%clk 0:03:16]} Nxg8
{[%clk 0:00:44]} 32. Qd2 {[%clk 0:03:10]} Nf6 {[%clk 0:00:37]} 33. Ne2
{[%clk 0:02:47]} d5 {[%clk 0:00:25]} 34. Ng3 {[%clk 0:02:37]} dxe4
{[%clk 0:00:26]} 35. fxe4 {[%clk 0:02:31]} Qd7 {[%clk 0:00:24]} 36. Qc1
{[%clk 0:02:13]} Qd3 {[%clk 0:00:17]} 37. Qxa3 {[%clk 0:01:54]} Qd1+
{[%clk 0:00:23]} 38. Kb2 {[%clk 0:02:01]} Qd2+ {[%clk 0:00:28]} 39. Ka1
{[%clk 0:02:09]} Qd1+ {[%clk 0:00:19]} 40. Kb2 {[%clk 0:02:18]} Qd2+
{[%clk 0:00:28]} 41. Ka1 {[%clk 0:02:25]} Bd3 {[%clk 0:00:12]} 42. Qb3
{[%clk 0:01:51]} Qc1+ {[%clk 0:00:18]} 43. Ka2 {[%clk 0:01:59]} Qd2+
{[%clk 0:00:22]} 44. Ka1 {[%clk 0:02:07]} Qc1+ {[%clk 0:00:13]} 45. Ka2
{[%clk 0:02:14]} Qd2+ {[%clk 0:00:14]} 1/2-1/2

[Event "d12"]
[Site "?"]
[Date "2020.08.28"]
[Round "7.6"]
[White "Salamon, Julia"]
[Black "Sliwicka, Weronika"]
[Result "1-0"]
[BlackElo "1285"]
[WhiteElo "1324"]
[LiveChessVersion "1.4.8"]

1. d4 {[%clk 0:15:19]} d5 {[%clk 0:15:18]} 2. c4 {[%clk 0:15:28]} dxc4
{[%clk 0:15:26]} 3. Nf3 {[%clk 0:15:35]} Nf6 {[%clk 0:15:33]} 4. Nc3
{[%clk 0:15:37]} e6 {[%clk 0:15:40]} 5. e3 {[%clk 0:15:22]} Bb4 {[%clk 0:14:48]}
6. Qa4+ {[%clk 0:13:53]} Nc6 {[%clk 0:14:53]} 7. Bxc4 {[%clk 0:13:31]} Ne4
{[%clk 0:14:09]} 8. Qc2 {[%clk 0:13:18]} Nd6 {[%clk 0:13:42]} 9. Bd3
{[%clk 0:13:08]} h6 {[%clk 0:10:59]} 10. a3 {[%clk 0:12:50]} Ba5 {[%clk 0:11:06]}
11. O-O {[%clk 0:12:26]} a6 {[%clk 0:09:09]} 12. b4 {[%clk 0:10:24]} Bb6
{[%clk 0:09:17]} 13. Bd2 {[%clk 0:09:48]} Qf6 {[%clk 0:07:46]} 14. Rfb1
{[%clk 0:07:25]} O-O {[%clk 0:07:29]} 15. Ne4 {[%clk 0:06:44]} Nxe4
{[%clk 0:06:46]} 16. Bxe4 {[%clk 0:06:52]} e5 {[%clk 0:04:44]} 17. Bxc6 bxc6
{[%clk 0:04:05]} 18. Nxe5 {[%clk 0:06:29]} Bf5 {[%clk 0:03:52]} 19. Qxc6
{[%clk 0:05:50]} Qxc6 {[%clk 0:03:41]} 20. Nxc6 {[%clk 0:05:58]} Bxb1
{[%clk 0:03:49]} 21. Rxb1 {[%clk 0:05:50]} Rfe8 {[%clk 0:03:48]} 22. a4
{[%clk 0:05:37]} Re6 {[%clk 0:03:34]} 23. Rc1 {[%clk 0:05:28]} Kf8
{[%clk 0:03:23]} 24. a5 {[%clk 0:05:35]} Ba7 {[%clk 0:03:31]} 25. Rc2
{[%clk 0:04:21]} Rd6 {[%clk 0:03:36]} 26. Bc1 {[%clk 0:04:09]} Ke8
{[%clk 0:03:35]} 27. Ba3 {[%clk 0:04:08]} Rd7 {[%clk 0:03:42]} 28. Ne5
{[%clk 0:03:42]} Rd5 {[%clk 0:03:51]} 29. Rxc7 {[%clk 0:03:31]} Bb8
{[%clk 0:03:27]} 30. Rc8+ {[%clk 0:03:37]} Ke7 {[%clk 0:03:36]} 31. Nc6+ Kd7
{[%clk 0:03:39]} 32. Rxb8 {[%clk 0:03:45]} Rxb8 {[%clk 0:03:45]} 33. Nxb8+
{[%clk 0:03:53]} Kc7 {[%clk 0:03:48]} 34. Nxa6+ {[%clk 0:04:01]} Kb7
{[%clk 0:03:57]} 35. Nc5+ {[%clk 0:03:57]} Ka7 {[%clk 0:04:03]} 36. Kf1
{[%clk 0:04:04]} f6 {[%clk 0:04:01]} 37. Ke2 {[%clk 0:04:12]} g6 {[%clk 0:04:08]}
38. Kd3 {[%clk 0:04:18]} f5 {[%clk 0:04:16]} 39. Kc4 {[%clk 0:04:27]} Rd8
{[%clk 0:04:25]} 40. b5 {[%clk 0:04:31]} h5 {[%clk 0:04:33]} 41. b6+
{[%clk 0:04:40]} Ka8 {[%clk 0:04:41]} 42. Kb5 {[%clk 0:04:33]} Rb8
{[%clk 0:04:20]} 43. a6 {[%clk 0:04:33]} g5 {[%clk 0:04:22]} 44. b7+
{[%clk 0:04:32]} Ka7 {[%clk 0:04:31]} 45. Nd7 {[%clk 0:04:41]} Rd8
{[%clk 0:04:32]} 46. Bc5# {[%clk 0:04:50]} 1-0

[Event "d12"]
[Site "?"]
[Date "2020.08.28"]
[Round "7.7"]
[White "Palejko, Gabriela"]
[Black "Moczala, Maja"]
[Result "0-1"]
[BlackElo "1290"]
[WhiteElo "1263"]
[LiveChessVersion "1.4.8"]

1. e4 {[%clk 0:15:18]} c5 {[%clk 0:15:19]} 2. Nf3 {[%clk 0:15:27]} Nc6
{[%clk 0:15:27]} 3. d4 {[%clk 0:15:35]} cxd4 {[%clk 0:15:35]} 4. Nxd4
{[%clk 0:15:44]} Nf6 {[%clk 0:15:43]} 5. Nc3 {[%clk 0:15:51]} d6 {[%clk 0:15:51]}
6. Be3 {[%clk 0:15:36]} e5 {[%clk 0:15:51]} 7. Nb3 {[%clk 0:15:44]} Be7
{[%clk 0:15:57]} 8. Be2 {[%clk 0:15:24]} O-O {[%clk 0:15:58]} 9. f3
{[%clk 0:15:25]} a5 {[%clk 0:15:54]} 10. a4 {[%clk 0:15:20]} Nb4 {[%clk 0:15:53]}
11. Qd2 {[%clk 0:14:40]} Be6 {[%clk 0:15:41]} 12. O-O {[%clk 0:13:44]} d5
{[%clk 0:15:14]} 13. exd5 {[%clk 0:12:34]} Nfxd5 {[%clk 0:14:56]} 14. Nxd5
{[%clk 0:12:28]} Nxd5 {[%clk 0:14:51]} 15. Bc5 {[%clk 0:11:36]} Bxc5+
{[%clk 0:13:40]} 16. Nxc5 {[%clk 0:11:44]} Qb6 {[%clk 0:13:33]} 17. Bd3
{[%clk 0:08:45]} Qxc5+ {[%clk 0:13:29]} 18. Kh1 {[%clk 0:08:53]} Nb4
{[%clk 0:13:04]} 19. Be4 {[%clk 0:08:46]} Rfd8 {[%clk 0:12:46]} 20. Qc1
{[%clk 0:08:14]} Bd5 {[%clk 0:12:32]} 21. Bf5 {[%clk 0:08:12]} f6
{[%clk 0:09:33]} 22. c3 {[%clk 0:07:26]} Nc6 {[%clk 0:09:23]} 23. Qe1
{[%clk 0:06:50]} Qe7 {[%clk 0:07:24]} 24. Qh4 {[%clk 0:06:32]} g6
{[%clk 0:06:41]} 25. Qg4 {[%clk 0:05:56]} Qg7 {[%clk 0:06:33]} 26. Bc2
{[%clk 0:04:55]} Rd6 {[%clk 0:05:29]} 27. Rad1 {[%clk 0:04:32]} Rad8
{[%clk 0:04:39]} 28. Qh4 {[%clk 0:04:04]} Be6 {[%clk 0:02:58]} 29. Qe1
{[%clk 0:03:28]} Rxd1 {[%clk 0:02:55]} 30. Bxd1 {[%clk 0:03:36]} Bc4
{[%clk 0:02:39]} 31. Be2 {[%clk 0:03:43]} Bxe2 {[%clk 0:02:44]} 32. Qxe2
{[%clk 0:03:51]} Qd7 {[%clk 0:02:47]} 33. Qc4+ {[%clk 0:03:39]} Qd5
{[%clk 0:02:11]} 34. Qe2 {[%clk 0:03:32]} Qd3 {[%clk 0:01:45]} 35. Qe1
{[%clk 0:03:33]} Qd2 {[%clk 0:01:46]} 36. Qb1 {[%clk 0:03:33]} Qe2
{[%clk 0:01:35]} 37. Re1 {[%clk 0:03:27]} Qf2 {[%clk 0:01:19]} 38. Rf1
{[%clk 0:03:35]} Qd2 {[%clk 0:01:24]} 39. Qa2+ {[%clk 0:03:40]} Qd5
{[%clk 0:01:07]} 40. Qb1 {[%clk 0:03:48]} Kg7 {[%clk 0:01:12]} 41. Rf2
{[%clk 0:03:25]} Qd1+ {[%clk 0:01:10]} 42. Rf1 {[%clk 0:03:33]} Qxb1
{[%clk 0:01:18]} 43. Rxb1 {[%clk 0:03:42]} Rd2 {[%clk 0:01:25]} 44. b4
{[%clk 0:03:49]} axb4 {[%clk 0:01:19]} 45. cxb4 {[%clk 0:03:58]} Nxb4
{[%clk 0:01:23]} 46. h3 {[%clk 0:04:01]} Rd4 {[%clk 0:01:23]} 47. Kg1
{[%clk 0:03:40]} b6 {[%clk 0:01:18]} 48. Kf1 {[%clk 0:03:41]} Nd5
{[%clk 0:01:19]} 49. a5 {[%clk 0:03:46]} bxa5 {[%clk 0:01:04]} 50. Rb7+
{[%clk 0:03:54]} Kh6 {[%clk 0:01:00]} 51. Kf2 {[%clk 0:03:53]} a4
{[%clk 0:00:58]} 52. g4 {[%clk 0:04:01]} g5 {[%clk 0:01:01]} 53. Ra7
{[%clk 0:04:02]} Rd2+ {[%clk 0:01:04]} 54. Kg3 {[%clk 0:04:10]} Nf4 0-1

[Event "d12"]
[Site "?"]
[Date "2020.08.28"]
[Round "8.1"]
[White "Szczotka, Klara"]
[Black "Zielinska, Aleksandra"]
[Result "0-1"]
[BlackElo "1196"]
[WhiteElo "1553"]
[LiveChessVersion "1.4.8"]

1. e4 {[%clk 0:15:19]} c5 {[%clk 0:15:19]} 2. Nf3 {[%clk 0:15:28]} d6
{[%clk 0:15:28]} 3. Bb5+ {[%clk 0:15:36]} Bd7 {[%clk 0:15:35]} 4. Bxd7+
{[%clk 0:15:45]} Nxd7 {[%clk 0:15:43]} 5. d4 {[%clk 0:15:37]} cxd4 6. Nxd4 Ngf6
{[%clk 0:15:49]} 7. Qe2 {[%clk 0:15:50]} g6 {[%clk 0:15:52]} 8. f3
{[%clk 0:15:50]} Bg7 {[%clk 0:15:57]} 9. Be3 {[%clk 0:15:58]} O-O
{[%clk 0:15:52]} 10. c4 {[%clk 0:16:04]} Ne5 {[%clk 0:15:24]} 11. Nc3
{[%clk 0:16:00]} Rc8 {[%clk 0:15:16]} 12. b3 {[%clk 0:16:08]} a6 {[%clk 0:15:21]}
13. Rc1 {[%clk 0:16:17]} Qd7 {[%clk 0:14:25]} 14. O-O {[%clk 0:16:20]} e6
{[%clk 0:14:08]} 15. Rfd1 {[%clk 0:16:07]} Rfd8 {[%clk 0:13:46]} 16. Na4
{[%clk 0:14:29]} Qc7 {[%clk 0:13:19]} 17. Nc2 {[%clk 0:14:21]} Nfd7
{[%clk 0:12:50]} 18. f4 {[%clk 0:13:53]} Nc6 {[%clk 0:12:48]} 19. Rd2
{[%clk 0:13:16]} Rb8 {[%clk 0:12:10]} 20. Na3 {[%clk 0:09:46]} Nc5
{[%clk 0:08:29]} 21. Nxc5 {[%clk 0:07:19]} dxc5 {[%clk 0:08:37]} 22. Bxc5
{[%clk 0:04:19]} Qxf4 {[%clk 0:06:22]} 23. Rcd1 {[%clk 0:03:43]} Rxd2
{[%clk 0:06:03]} 24. Rxd2 {[%clk 0:03:53]} Qc7 {[%clk 0:06:11]} 25. Bd6
{[%clk 0:03:59]} Bd4+ {[%clk 0:05:48]} 26. Rxd4 {[%clk 0:02:09]} Nxd4
{[%clk 0:05:47]} 27. Bxc7 {[%clk 0:01:53]} Nxe2+ {[%clk 0:05:55]} 28. Kf2
{[%clk 0:02:03]} Rc8 {[%clk 0:06:04]} 29. Be5 {[%clk 0:02:11]} Nc1
{[%clk 0:06:08]} 30. Nc2 {[%clk 0:01:44]} Nd3+ {[%clk 0:06:05]} 31. Ke3
{[%clk 0:01:50]} Nxe5 {[%clk 0:06:13]} 32. Kf4 {[%clk 0:01:59]} Nd3+
{[%clk 0:06:11]} 33. Ke3 {[%clk 0:02:08]} Nc1 {[%clk 0:05:56]} 34. Kd4
{[%clk 0:02:12]} Nxa2 {[%clk 0:05:57]} 35. c5 {[%clk 0:02:20]} Nc1
{[%clk 0:05:35]} 36. b4 {[%clk 0:02:28]} Ne2+ {[%clk 0:05:32]} 37. Kc4
{[%clk 0:02:29]} Nf4 {[%clk 0:05:30]} 38. g3 {[%clk 0:02:37]} Nh5
{[%clk 0:04:27]} 39. e5 {[%clk 0:02:32]} Ng7 {[%clk 0:04:26]} 40. g4
{[%clk 0:02:41]} Ne8 {[%clk 0:04:17]} 41. b5 {[%clk 0:02:38]} axb5+
{[%clk 0:03:40]} 42. Kxb5 {[%clk 0:02:46]} Nc7+ {[%clk 0:03:49]} 43. Kb6
{[%clk 0:02:55]} Nd5+ {[%clk 0:03:51]} 44. Kb5 {[%clk 0:03:03]} Nc3+
{[%clk 0:03:24]} 0-1

[Event "d12"]
[Site "?"]
[Date "2020.08.28"]
[Round "8.2"]
[White "Natoli, Alessia"]
[Black "Salamon, Julia"]
[Result "0-1"]
[BlackElo "1324"]
[WhiteElo "1399"]
[LiveChessVersion "1.4.8"]

1. e4 {[%clk 0:15:18]} c5 {[%clk 0:15:19]} 2. Nf3 {[%clk 0:15:24]} e6
{[%clk 0:15:28]} 3. d4 {[%clk 0:15:31]} cxd4 {[%clk 0:15:34]} 4. Nxd4
{[%clk 0:15:33]} Nf6 {[%clk 0:15:42]} 5. Nc3 {[%clk 0:15:34]} Nc6
{[%clk 0:15:49]} 6. Ndb5 {[%clk 0:15:05]} Bb4 {[%clk 0:15:53]} 7. a3
{[%clk 0:15:02]} Bxc3+ {[%clk 0:16:00]} 8. Nxc3 {[%clk 0:15:10]} d5
{[%clk 0:16:08]} 9. exd5 {[%clk 0:13:44]} exd5 {[%clk 0:16:16]} 10. Bb5
{[%clk 0:13:25]} d4 {[%clk 0:14:03]} 11. Ne2 {[%clk 0:13:28]} Qa5+
{[%clk 0:14:11]} 12. Qd2 {[%clk 0:11:14]} Qxb5 {[%clk 0:14:19]} 13. Nxd4
{[%clk 0:11:19]} Nxd4 {[%clk 0:13:25]} 14. Qxd4 {[%clk 0:11:27]} Qd5
{[%clk 0:12:24]} 15. Qxd5 {[%clk 0:10:49]} Nxd5 {[%clk 0:12:33]} 16. Bg5
{[%clk 0:10:43]} f6 {[%clk 0:11:25]} 17. O-O-O Be6 {[%clk 0:10:30]} 18. Rhe1
{[%clk 0:09:12]} Kf7 {[%clk 0:10:38]} 19. Bh4 {[%clk 0:09:05]} Rhd8
{[%clk 0:09:36]} 20. Bg3 {[%clk 0:09:05]} Rac8 {[%clk 0:09:39]} 21. c3
{[%clk 0:08:58]} Rc4 {[%clk 0:07:30]} 22. Kb1 {[%clk 0:07:41]} a5
{[%clk 0:06:43]} 23. f4 {[%clk 0:06:36]} Rd7 {[%clk 0:05:54]} 24. Rd4
{[%clk 0:05:41]} Rxd4 {[%clk 0:04:52]} 25. cxd4 {[%clk 0:05:48]} Bf5+
{[%clk 0:05:00]} 26. Ka1 {[%clk 0:04:49]} Rc7 {[%clk 0:05:01]} 27. h3
{[%clk 0:04:30]} Rc4 {[%clk 0:04:48]} 28. Rd1 {[%clk 0:04:15]} Ne3
{[%clk 0:04:24]} 29. Rg1 {[%clk 0:03:30]} Nc2+ {[%clk 0:04:22]} 30. Ka2
{[%clk 0:03:36]} Nxd4 {[%clk 0:04:25]} 31. Bf2 {[%clk 0:03:38]} Ne2
{[%clk 0:03:43]} 32. Re1 {[%clk 0:03:38]} Nxf4 {[%clk 0:03:47]} 33. g4
{[%clk 0:02:57]} Be6 {[%clk 0:03:38]} 34. Bg3 {[%clk 0:02:41]} Nd3
{[%clk 0:03:21]} 35. Re3 {[%clk 0:02:32]} Re4+ {[%clk 0:03:39]} 0-1